Nursing leadership, management, and professional practice for the LPN/LVN / (Record no. 331)

MARC details
000 -LEADER
fixed length control field 01716cam a2200433 i 4500
001 - CONTROL NUMBER
control field 19573656
003 - CONTROL NUMBER IDENTIFIER
control field OSt
005 - DATE AND TIME OF LATEST TRANSACTION
control field 20210215130602.0
008 - FIXED-LENGTH DATA ELEMENTS--GENERAL INFORMATION
fixed length control field 170327t20182018paua b 001 0 eng
010 ## - LIBRARY OF CONGRESS CONTROL NUMBER
LC control number 2017014423
020 ## - INTERNATIONAL STANDARD BOOK NUMBER
International Standard Book Number 9780803660854 (alk. paper)
020 ## - INTERNATIONAL STANDARD BOOK NUMBER
International Standard Book Number 0803660855 (alk. paper)
035 ## - SYSTEM CONTROL NUMBER
System control number (DNLM)101703010
040 ## - CATALOGING SOURCE
Original cataloging agency DNLM/DLC
Language of cataloging eng
Transcribing agency DLC
Description conventions rda
Modifying agency DLC
-- PHNSL
042 ## - AUTHENTICATION CODE
Authentication code pcc
050 00 - LIBRARY OF CONGRESS CALL NUMBER
Classification number RT62
Item number .A53 2018
060 10 - NATIONAL LIBRARY OF MEDICINE CALL NUMBER
Classification number WY 195
082 00 - DEWEY DECIMAL CLASSIFICATION NUMBER
Classification number 610.7306/93
Edition number 23
100 1# - MAIN ENTRY--PERSONAL NAME
Personal name Dahlkemper, Tamara R.,
Relator term author.
240 10 - UNIFORM TITLE
Uniform title Anderson's nursing leadership, management, and professional practice for the LPN/LVN
245 10 - TITLE STATEMENT
Title Nursing leadership, management, and professional practice for the LPN/LVN /
Statement of responsibility, etc. Tamara R. Dahlkemper, MSN, RN, CNE, Associate Professor, Weber State University School of Nursing, Ogden, Utah.
250 ## - EDITION STATEMENT
Edition statement Sixth edition.
260 ## - PUBLICATION, DISTRIBUTION, ETC.
Place of publication, distribution, etc. Philadelphia, PA :
Name of publisher, distributor, etc. F.A. Davis Company,
Date of publication, distribution, etc. 2013.
300 ## - PHYSICAL DESCRIPTION
Extent xv, 340 pages :
Other physical details color illustrations ;
Dimensions 26 cm
336 ## - CONTENT TYPE
Content type term text
Source rdacontent
337 ## - MEDIA TYPE
Media type term unmediated
Source rdamedia
338 ## - CARRIER TYPE
Carrier type term volume
Source rdacarrier
500 ## - GENERAL NOTE
General note Preceded by Anderson's nursing leadership, management, and professional practice for the LPN/LVN / Tamara R. Dahlkemper. 5th ed. c2013.
504 ## - BIBLIOGRAPHY, ETC. NOTE
Bibliography, etc. note Includes bibliographical references and index.
650 12 - SUBJECT ADDED ENTRY--TOPICAL TERM
Topical term or geographic name entry element Nursing, Practical
General subdivision organization & administration
650 22 - SUBJECT ADDED ENTRY--TOPICAL TERM
Topical term or geographic name entry element Nursing Services
General subdivision organization & administration
650 22 - SUBJECT ADDED ENTRY--TOPICAL TERM
Topical term or geographic name entry element Nurse Administrators
650 22 - SUBJECT ADDED ENTRY--TOPICAL TERM
Topical term or geographic name entry element Licensed Practical Nurses
650 22 - SUBJECT ADDED ENTRY--TOPICAL TERM
Topical term or geographic name entry element Leadership
650 22 - SUBJECT ADDED ENTRY--TOPICAL TERM
Topical term or geographic name entry element Vocational Guidance
906 ## - LOCAL DATA ELEMENT F, LDF (RLIN)
a 7
b cbc
c orignew
d 1
e ecip
f 20
g y-gencatlg
942 ## - ADDED ENTRY ELEMENTS (KOHA)
Source of classification or shelving scheme Library of Congress Classification
Koha item type Books
Holdings
Withdrawn status Lost status Source of classification or shelving scheme Damaged status Not for loan Home library Current library Shelving location Date acquired Full call number Barcode Date last seen Copy number Price effective from Koha item type Public note
    Library of Congress Classification     Public Health Nurses School Public Health Nurses School General Stacks 02/15/2021 RT62.D13 00855 02/15/2021 c.1 02/15/2021 Books ekp 15/02/21
Copyright © 2025 PHNS Library. All Rights Reserved.